000 00794cam a2200241 a 4500
001 1500316
003 ARRUPE
005 20130924130256.0
008 891205s1988 enk 001 0deng
010 _a 88171584
020 _a0281043388 :
_c£8.95
040 _aDLC
_cDLC
_dDLC
050 0 0 _aBX4705
_b.R56.K26
100 1 _aKee, Alistair,
_d1937-
_9923
245 1 4 _aThe roots of Christian freedom :
_bthe theology of John A.T. Robinson /
_cAlistair Kee.
260 _aLondon :
_bSPCK,
_c1988.
300 _axvi, 190 p. ;
_c22 cm.
500 _aIncludes indexes.
600 1 0 _aRobinson, John A. T.
_q(John Arthur Thomas),
_d1919-1983.
_9924
650 0 _aTheology, Doctrinal
_xHistory
_y20th century.
_9925
906 _a7
_bcbc
_corignew
_d3
_encip
_f19
_gy-gencatlg
942 _2lcc
_cMONOGRAPH
999 _c117958
_d117958